|
|
|
|
| LEADER |
00000nas a2200000 4500 |
| 005 |
2018072309159.0 |
| 007 |
cr|||n ||||| |
| 008 |
091016c19uu9999us r p s 0000a0eng d |
| 022 |
|
|
|a 0121-5612
|
| 022 |
|
|
|a 1960-6004
|
| 035 |
|
|
|a 21832
|
| 040 |
|
|
|a BUS
|d vLex
|
| 090 |
|
|
|c 8085
|d 8085
|
| 245 |
3 |
0 |
|a Colombia Internacional
|h [Recurso electrn̤ico]
|
| 256 |
|
|
|a Servicio en ln̕ea.
|
| 260 |
|
|
|a [S.l.] :
|b Ed. Universidad de los Andes (Bogot)̀
|
| 300 |
|
|
|a 1 recurso electrn̤ico
|
| 310 |
|
|
|a Semestral
|
| 506 |
|
|
|a Disponible solo en los productos indicados
|d vLex Global
|d vLex Global (Academic Edition, excluding Law Schools)
|d vLex Global (U.S. Academic Edition, Law Schools)
|d vLex Global (U.S. Academic Edition, excluding Law Schools)
|d vLex Global (Academic Edition, Law Schools)
|
| 650 |
0 |
4 |
|a Polt̕ica
|x Publicaciones perid̤icas.
|
| 651 |
|
4 |
|a Colombia
|x Publicaciones perid̤icas.
|
| 740 |
0 |
|
|a vLex Revistas (Servicio en ln̕ea)
|
| 856 |
4 |
0 |
|u http://vlex.com/source/articulos-derecho-empresa-tecnologia-21832
|z Acceso restringido
|
| 942 |
|
|
|c REV
|
| 999 |
0 |
|
|a Politics, Practical
|